000 00551nam a2200193Ia 4500
999 _c15057
_d15057
003 OSt
005 20201113095928.0
008 190216s9999||||xx |||||||||||||| ||und||
020 _a9788175962972
040 _coclc
082 _a420
_bBHA/E
100 _aBhavani, K Durga
_96558
245 0 _aEnglish Today :
_bA Course In Reading And Writing /
_cK Durga Bhavani
250 _a1st Ed.
260 _bFoundation Books,
_c2005.
_aNew Delhi:
300 _a155p
650 _aEnglish
942 _cBK
_2ddc
_h420
_iBHA/E
_k420
_mBHA/E